Rediseño de partidos políticos y transparencia electoral /

Zapisane w:
Opis bibliograficzny
1. autor: Cordero Arias, Luis Alberto
Format: Texto
Etykiety: Dodaj etykietę
Nie ma etykietki, Dołącz pierwszą etykiete!

MARC

LEADER 00000 a a2200000 04500
001 1194
003
040
100 |a Cordero Arias, Luis Alberto  
245 |a Rediseño de partidos políticos y transparencia electoral /  |c Luis Alberto Cordero Arias 
773 |g volumen 1; páginas 80-86  
999 |c 30315  |d 30315